[Event "European School Championships"]
[Site "Rhodes, Greece"]
[Date "2022.04.23"]
[Round "3.2"]
[White "Skytte, Robert"]
[Black "Anakok, Deniz"]
[Result "0-1"]
[WhiteElo "1437"]
[BlackElo "1396"]
[PlyCount "80"]
[EventDate "2022.04.21"]
[EventRounds "9"]

1. e4 {[%emt 0:00:02]} c5 {[%emt 0:00:09]} 2. Nf3 {[%emt 0:00:07]} e6 {[%emt 0:
00:06]} 3. d4 {[%emt 0:00:05]} cxd4 {[%emt 0:00:08]} 4. Nxd4 {[%emt 0:00:07]}
Nf6 {[%emt 0:00:08]} 5. Nc3 {[%emt 0:00:12]} Nc6 {[%emt 0:00:09]} 6. Be3 {
[%emt 0:00:44]} Bb4 {[%emt 0:00:55]} 7. Nxc6 {[%emt 0:01:55]} bxc6 {[%emt 0:00:
46]} 8. f3 {[%emt 0:01:02]} d5 {[%emt 0:04:10]} 9. e5 {[%emt 0:00:16]} Nd7 {
[%emt 0:00:26]} 10. f4 {[%emt 0:00:37]} c5 {[%emt 0:01:32]} 11. Bd2 {[%emt 0:
00:11]} Bxc3 {[%emt 0:03:18]} 12. Bxc3 {[%emt 0:00:22]} Bb7 {[%emt 0:02:05]}
13. Qg4 {[%emt 0:01:29]} Qe7 {[%emt 0:05:31]} 14. Ba5 {[%emt 0:00:43]} f5 {
[%emt 0:05:11]} 15. Qg3 {[%emt 0:01:53]} c4 {[%emt 0:15:24]} 16. c3 {[%emt 0:
01:36]} Nc5 {[%emt 0:03:19]} 17. Bb4 {[%emt 0:01:46]} O-O-O {[%emt 0:06:16]}
18. Qe3 {[%emt 0:00:25]} d4 {[%emt 0:00:58]} 19. cxd4 {[%emt 0:00:37]} Nd3+ {
[%emt 0:00:11]} 20. Qxd3 {[%emt 0:01:13]} Qxb4+ {[%emt 0:01:18]} 21. Qc3 {
[%emt 0:00:13]} Qb6 {[%emt 0:04:01]} 22. O-O-O {[%emt 0:01:24]} Kb8 {[%emt 0:
02:21]} 23. Bxc4 {[%emt 0:02:29]} Rc8 {[%emt 0:03:17]} 24. Kd2 {[%emt 0:02:37]}
Qc6 {[%emt 0:03:50]} 25. Bf1 {[%emt 0:01:00]} Qa4 {[%emt 0:03:48]} 26. Qd3 {
[%emt 0:07:14]} Ka8 {[%emt 0:04:14]} 27. Be2 {[%emt 0:03:42]} Qb4+ {[%emt 0:11:
48]} 28. Ke3 {[%emt 0:02:01]} Bxg2 {[%emt 0:02:18]} 29. Rhg1 {[%emt 0:01:00]}
Be4 {[%emt 0:01:03]} 30. Qb3 {[%emt 0:01:07]} Qe7 {[%emt 0:01:05]} 31. Bf3 {
[%emt 0:04:37]} Bxf3 {[%emt 0:00:22]} 32. Kxf3 {[%emt 0:00:31]} Rb8 {[%emt 0:
01:16]} 33. Qc2 {[%emt 0:02:38]} Rhc8 {[%emt 0:01:17]} 34. Qb1 {[%emt 0:00:29]}
Qh4 {[%emt 0:03:17]} 35. d5 {[%emt 0:06:15]} Qh5+ {[%emt 0:00:33]} 36. Kg2 {
[%emt 0:02:58]} Qe2+ {[%emt 0:01:01]} 37. Kh1 {[%emt 0:01:19]} Rxb2 {[%emt 0:
00:19]} 38. Qxb2 {[%emt 0:00:58]} Qxb2 {[%emt 0:00:09]} 39. Rxg7 {[%emt 0:00:
21]} Rc1 {[%emt 0:01:42]} 40. Rg8+ {[%emt 0:00:18]} Kb7 {[%emt 0:00:08]} 0-1

[Event "European School Championships"]
[Site "Rhodes, Greece"]
[Date "2022.04.23"]
[Round "3.3"]
[White "Filindash, Nikita"]
[Black "Mihaylov, Bozhidar"]
[Result "1/2-1/2"]
[WhiteElo "1404"]
[BlackElo "1257"]
[PlyCount "114"]
[EventDate "2022.04.21"]
[EventRounds "9"]

1. d4 {[%emt 0:00:06]} d5 {[%emt 0:00:07]} 2. c4 {[%emt 0:00:04]} e6 {[%emt 0:
00:04]} 3. Nc3 {[%emt 0:00:04]} Nf6 {[%emt 0:00:06]} 4. cxd5 {[%emt 0:00:05]}
exd5 {[%emt 0:00:09]} 5. Bg5 {[%emt 0:00:06]} Be7 {[%emt 0:00:07]} 6. e3 {
[%emt 0:00:08]} O-O {[%emt 0:00:11]} 7. Bd3 {[%emt 0:00:05]} c6 {[%emt 0:00:05]
} 8. Nf3 {[%emt 0:00:04]} Be6 {[%emt 0:00:09]} 9. O-O {[%emt 0:00:11]} Nbd7 {
[%emt 0:00:05]} 10. Qc2 {[%emt 0:00:18]} h6 {[%emt 0:00:09]} 11. Bh4 {[%emt 0:
00:05]} Rc8 {[%emt 0:01:10]} 12. Rfe1 {[%emt 0:01:09]} Re8 {[%emt 0:00:59]} 13.
Rac1 {[%emt 0:02:20]} c5 {[%emt 0:02:06]} 14. dxc5 {[%emt 0:09:08]} Nxc5 {
[%emt 0:00:07]} 15. Bf5 {[%emt 0:03:14]} Bxf5 {[%emt 0:07:58]} 16. Qxf5 {
[%emt 0:00:13]} g6 {[%emt 0:00:31]} 17. Qb1 {[%emt 0:02:24]} Nce4 {[%emt 0:08:
10]} 18. Red1 {[%emt 0:08:16]} Nxc3 {[%emt 0:05:55]} 19. bxc3 {[%emt 0:02:47]}
Ne4 {[%emt 0:00:47]} 20. Bxe7 {[%emt 0:01:31]} Qxe7 {[%emt 0:00:11]} 21. Qb3 {
[%emt 0:02:32]} Qf6 {[%emt 0:02:10]} 22. Rd4 {[%emt 0:18:37]} Qc6 {[%emt 0:06:
23]} 23. c4 {[%emt 0:05:02]} b5 {[%emt 0:20:07]} 24. c5 {[%emt 0:01:20]} Red8 {
[%emt 0:02:55]} 25. Qd1 {[%emt 0:05:07]} Qe6 {[%emt 0:02:59]} 26. Qb3 {[%emt 0:
01:28]} a6 {[%emt 0:08:28]} 27. Qb4 {[%emt 0:00:39]} Rc7 {[%emt 0:04:58]} 28.
Nd2 {[%emt 0:02:58]} Nxd2 {[%emt 0:03:09]} 29. Rxd2 {[%emt 0:00:23]} Qc6 {
[%emt 0:05:30]} 30. Qd4 {[%emt 0:06:38]} Rcd7 {[%emt 0:01:55]} 31. Rcd1 {
[%emt 0:02:28]} a5 {[%emt 0:00:33]} 32. a3 {[%emt 0:01:52]} a4 {[%emt 0:01:23]}
33. Qb4 {[%emt 0:04:00]} Re8 {[%emt 0:00:17]} 34. Rd4 {[%emt 0:00:14]} Re4 {
[%emt 0:01:23]} 35. g3 {[%emt 0:01:50]} Rxd4 {[%emt 0:00:28]} 36. exd4 {
[%emt 0:07:11]} Re7 {[%emt 0:01:02]} 37. Qd2 {[%emt 0:01:02]} Qe6 {[%emt 0:03:
28]} 38. f3 {[%emt 0:01:18]} Kh7 {[%emt 0:02:06]} 39. Rc1 {[%emt 0:01:35]} Qc6
{[%emt 0:01:04]} 40. Re1 {[%emt 0:00:18]} Rxe1+ {[%emt 0:00:39]} 41. Qxe1 {
[%emt 0:00:06]} Qf6 {[%emt 0:00:15]} 42. Qc3 {[%emt 0:01:27]} Qc6 {[%emt 0:00:
19]} 43. Kf2 {[%emt 0:00:14]} Kg7 {[%emt 0:00:07]} 44. Qa5 {[%emt 0:01:01]} Qf6
{[%emt 0:00:13]} 45. Qc3 {[%emt 0:00:27]} Qc6 {[%emt 0:00:18]} 46. Qd3 {
[%emt 0:01:55]} Qd7 {[%emt 0:01:59]} 47. g4 {[%emt 0:02:28]} Qe8 {[%emt 0:00:
35]} 48. Qe2 {[%emt 0:02:09]} Qc6 {[%emt 0:02:00]} 49. Qe5+ {[%emt 0:00:36]}
Kg8 {[%emt 0:00:12]} 50. Qb8+ {[%emt 0:01:41]} Kg7 {[%emt 0:00:43]} 51. g5 {
[%emt 0:02:37]} hxg5 {[%emt 0:01:01]} 52. Qb6 {[%emt 0:00:31]} Qd7 {[%emt 0:01:
30]} 53. c6 {[%emt 0:00:44]} Qh3 {[%emt 0:00:08]} 54. c7 {[%emt 0:01:51]} Qxh2+
{[%emt 0:00:22]} 55. Ke3 {[%emt 0:00:27]} Qg1+ {[%emt 0:00:16]} 56. Kd3 {
[%emt 0:00:34]} Qd1+ {[%emt 0:00:56]} 57. Kc3 {[%emt 0:00:19]} Qe1+ {[%emt 0:
00:07]} 1/2-1/2

[Event "European School Championships"]
[Site "Rhodes, Greece"]
[Date "2022.04.23"]
[Round "3.4"]
[White "Sason, Noam"]
[Black "Mahapatra, Samyakk"]
[Result "1-0"]
[WhiteElo "1503"]
[BlackElo "1234"]
[PlyCount "115"]
[EventDate "2022.04.21"]
[EventRounds "9"]

1. e4 {[%emt 0:00:44]} e5 {[%emt 0:00:28]} 2. Nf3 {[%emt 0:01:01]} Nc6 {
[%emt 0:00:59]} 3. Bc4 {[%emt 0:01:25]} Nd4 {[%emt 0:00:19]} 4. c3 {[%emt 0:02:
27]} Nxf3+ {[%emt 0:01:10]} 5. Qxf3 {[%emt 0:00:08]} Nf6 {[%emt 0:00:18]} 6. d4
{[%emt 0:00:37]} d6 {[%emt 0:07:40]} 7. O-O {[%emt 0:03:28]} Bg4 {[%emt 0:04:
04]} 8. Qg3 {[%emt 0:01:29]} Be7 {[%emt 0:06:08]} 9. f3 {[%emt 0:01:52]} Bd7 {
[%emt 0:03:43]} 10. Qxg7 {[%emt 0:01:24]} Rf8 {[%emt 0:01:38]} 11. dxe5 {
[%emt 0:02:52]} dxe5 {[%emt 0:02:15]} 12. f4 {[%emt 0:06:32]} Bc5+ {[%emt 0:08:
29]} 13. Kh1 {[%emt 0:01:03]} Nxe4 {[%emt 0:18:17]} 14. fxe5 {[%emt 0:01:07]}
Qh4 {[%emt 0:01:04]} 15. Bxf7+ {[%emt 0:04:25]} Ke7 {[%emt 0:00:41]} 16. Bd5+ {
[%emt 0:04:43]} Kd8 {[%emt 0:00:48]} 17. Rxf8+ {[%emt 0:00:45]} Be8 {[%emt 0:
00:22]} 18. Rf1 {[%emt 0:03:18]} Nf2+ {[%emt 0:00:26]} 19. Rxf2 {[%emt 0:00:05]
} Qxf2 {[%emt 0:00:25]} 20. Qf6+ {[%emt 0:00:10]} Qxf6 {[%emt 0:00:45]} 21.
exf6 {[%emt 0:01:21]} Bg6 {[%emt 0:00:30]} 22. Bg5 {[%emt 0:01:10]} Kd7 {
[%emt 0:00:19]} 23. Nd2 {[%emt 0:00:37]} c6 {[%emt 0:00:54]} 24. Be4 {[%emt 0:
00:07]} Ke6 {[%emt 0:06:55]} 25. Re1 {[%emt 0:01:02]} Kf7 {[%emt 0:00:43]} 26.
Bxg6+ {[%emt 0:01:04]} Kxg6 {[%emt 0:00:24]} 27. Nf3 {[%emt 0:00:06]} h6 {
[%emt 0:01:28]} 28. Be3 {[%emt 0:00:09]} Bd6 {[%emt 0:00:22]} 29. Bd4 {[%emt 0:
00:17]} b6 {[%emt 0:01:30]} 30. Be5 {[%emt 0:00:36]} Bc5 {[%emt 0:00:55]} 31.
b4 {[%emt 0:00:20]} Bf8 {[%emt 0:02:29]} 32. Nd4 {[%emt 0:01:17]} Re8 {[%emt 0:
00:40]} 33. Nxc6 {[%emt 0:00:25]} Bd6 {[%emt 0:02:28]} 34. Bg3 {[%emt 0:00:08]}
Rxe1+ {[%emt 0:00:47]} 35. Bxe1 {[%emt 0:00:03]} Kxf6 {[%emt 0:00:29]} 36. Nxa7
{[%emt 0:00:11]} Be5 {[%emt 0:00:53]} 37. Nc8 {[%emt 0:00:15]} b5 {[%emt 0:00:
35]} 38. Na7 {[%emt 0:01:18]} Kf5 {[%emt 0:00:25]} 39. Nxb5 {[%emt 0:00:07]}
Bf4 {[%emt 0:09:39]} 40. a4 {[%emt 0:00:26]} Bb8 {[%emt 0:00:16]} 41. a5 {
[%emt 0:00:21]} Ke6 {[%emt 0:00:27]} 42. a6 {[%emt 0:00:10]} Kd7 {[%emt 0:00:
10]} 43. Bg3 {[%emt 0:00:06]} Kc8 {[%emt 0:00:21]} 44. Bxb8 {[%emt 0:00:07]}
Kxb8 {[%emt 0:00:11]} 45. g4 {[%emt 0:00:07]} Ka8 {[%emt 0:02:15]} 46. a7 {
[%emt 0:00:08]} Kb7 {[%emt 0:00:20]} 47. h4 {[%emt 0:00:06]} Ka8 {[%emt 0:01:
10]} 48. g5 {[%emt 0:00:36]} hxg5 {[%emt 0:00:05]} 49. hxg5 {[%emt 0:00:06]}
Kb7 {[%emt 0:00:27]} 50. g6 {[%emt 0:00:06]} Ka8 {[%emt 0:00:09]} 51. g7 {
[%emt 0:00:03]} Kb7 {[%emt 0:00:13]} 52. g8=Q {[%emt 0:00:09]} Kc6 {[%emt 0:00:
18]} 53. a8=Q+ {[%emt 0:00:16]} Kxb5 {[%emt 0:00:19]} 54. Qge8+ {[%emt 0:00:07]
} Kc4 {[%emt 0:00:30]} 55. Qee4+ {[%emt 0:00:10]} Kb3 {[%emt 0:00:24]} 56.
Qed5+ {[%emt 0:00:33]} Kxc3 {[%emt 0:00:17]} 57. Qa3+ {[%emt 0:00:15]} Kc2 {
[%emt 0:00:16]} 58. Qdd3# {[%emt 0:00:06]} 1-0

[Event "European School Championships"]
[Site "Rhodes, Greece"]
[Date "2022.04.24"]
[Round "4.2"]
[White "Sason, Noam"]
[Black "Filindash, Nikita"]
[Result "1-0"]
[WhiteElo "1503"]
[BlackElo "1404"]
[PlyCount "95"]
[EventDate "2022.04.21"]
[EventRounds "9"]

1. e4 {[%emt 0:00:42]} e6 {[%emt 0:00:07]} 2. d4 {[%emt 0:00:32]} d5 {[%emt 0:
00:07]} 3. Nc3 {[%emt 0:00:53]} Nf6 {[%emt 0:00:07]} 4. e5 {[%emt 0:01:15]}
Nfd7 {[%emt 0:00:08]} 5. f4 {[%emt 0:00:47]} c5 {[%emt 0:00:12]} 6. Nf3 {
[%emt 0:00:25]} Nc6 {[%emt 0:00:05]} 7. Be3 {[%emt 0:01:04]} cxd4 {[%emt 0:00:
11]} 8. Nxd4 {[%emt 0:00:07]} Bc5 {[%emt 0:00:13]} 9. Be2 {[%emt 0:06:42]} a6 {
[%emt 0:04:44]} 10. O-O {[%emt 0:02:28]} b5 {[%emt 0:10:33]} 11. Bf2 {[%emt 0:
06:49]} Nxd4 {[%emt 0:08:19]} 12. Bxd4 {[%emt 0:00:08]} Qb6 {[%emt 0:07:05]}
13. Bxc5 {[%emt 0:00:30]} Nxc5 {[%emt 0:07:58]} 14. Qd4 {[%emt 0:04:24]} Bd7 {
[%emt 0:04:46]} 15. Rad1 {[%emt 0:02:42]} Qc7 {[%emt 0:08:17]} 16. f5 {[%emt 0:
02:16]} O-O-O {[%emt 0:01:42]} 17. b4 {[%emt 0:03:08]} Ne4 {[%emt 0:09:03]} 18.
Nxe4 {[%emt 0:00:28]} dxe4 {[%emt 0:01:53]} 19. Qxe4 {[%emt 0:00:28]} Bc6 {
[%emt 0:00:40]} 20. Qe3 {[%emt 0:04:10]} exf5 {[%emt 0:10:21]} 21. Rxf5 {
[%emt 0:06:31]} Rxd1+ {[%emt 0:00:26]} 22. Bxd1 {[%emt 0:00:08]} Bd5 {[%emt 0:
02:50]} 23. a3 {[%emt 0:20:14]} Rd8 {[%emt 0:01:37]} 24. Rf1 {[%emt 0:06:55]}
Be6 {[%emt 0:02:34]} 25. Bf3 {[%emt 0:05:54]} Bf5 {[%emt 0:02:01]} 26. Be4 {
[%emt 0:05:00]} Be6 {[%emt 0:00:15]} 27. h3 {[%emt 0:01:45]} g6 {[%emt 0:00:51]
} 28. Bd3 {[%emt 0:01:41]} Rd5 {[%emt 0:02:35]} 29. Re1 {[%emt 0:00:51]} Rd7 {
[%emt 0:03:44]} 30. a4 {[%emt 0:01:44]} Qc6 {[%emt 0:00:44]} 31. axb5 {[%emt 0:
00:39]} axb5 {[%emt 0:01:16]} 32. Ra1 {[%emt 0:00:14]} Bd5 {[%emt 0:00:56]} 33.
Ra5 {[%emt 0:00:45]} Rb7 {[%emt 0:00:54]} 34. Qd4 {[%emt 0:01:30]} Kc7 {
[%emt 0:02:38]} 35. c4 {[%emt 0:00:59]} Be6 {[%emt 0:02:37]} 36. Be4 {[%emt 0:
00:31]} Qd7 {[%emt 0:00:51]} 37. Qxd7+ {[%emt 0:00:32]} Bxd7 {[%emt 0:00:13]}
38. Bxb7 {[%emt 0:00:05]} Kxb7 {[%emt 0:00:09]} 39. cxb5 {[%emt 0:00:07]} Kb6 {
[%emt 0:00:08]} 40. Ra6+ {[%emt 0:00:45]} Kxb5 {[%emt 0:00:21]} 41. Rd6 Be6 {
[%emt 0:00:16]} 42. Kf2 {[%emt 0:00:38]} Kxb4 {[%emt 0:00:18]} 43. g4 {[%emt 0:
00:23]} Kc5 {[%emt 0:02:32]} 44. Ke3 {[%emt 0:01:41]} h6 {[%emt 0:01:34]} 45.
Ke4 {[%emt 0:01:22]} Bb3 {[%emt 0:03:56]} 46. Rd8 {[%emt 0:00:32]} Bc2+ {
[%emt 0:00:59]} 47. Ke3 {[%emt 0:00:54]} g5 {[%emt 0:00:58]} 48. Re8 {[%emt 0:
00:25]} 1-0

[Event "European School Championships"]
[Site "Rhodes, Greece"]
[Date "2022.04.24"]
[Round "4.3"]
[White "Sofronie, Vladimir"]
[Black "Bjerregaard Hagen, Frida"]
[Result "1-0"]
[WhiteElo "1743"]
[BlackElo "1293"]
[PlyCount "53"]
[EventDate "2022.04.21"]
[EventRounds "9"]

1. f4 {[%emt 0:00:54]} d5 {[%emt 0:00:46]} 2. b3 {[%emt 0:00:14]} Nf6 {[%emt 0:
03:06]} 3. e3 {[%emt 0:00:25]} e6 {[%emt 0:01:10]} 4. Bb2 {[%emt 0:01:00]} c5 {
[%emt 0:02:56]} 5. Nf3 {[%emt 0:00:12]} g6 {[%emt 0:04:32]} 6. Bd3 {[%emt 0:02:
56]} Bg7 {[%emt 0:01:45]} 7. O-O {[%emt 0:04:44]} O-O {[%emt 0:03:00]} 8. Qe1 {
[%emt 0:06:44]} Qc7 {[%emt 0:01:33]} 9. Na3 {[%emt 0:02:04]} a6 {[%emt 0:01:30]
} 10. c4 {[%emt 0:02:44]} Bd7 {[%emt 0:02:50]} 11. Rc1 {[%emt 0:04:09]} Qd6 {
[%emt 0:04:32]} 12. Qh4 {[%emt 0:05:39]} dxc4 {[%emt 0:03:00]} 13. Nxc4 {
[%emt 0:01:18]} Qxd3 {[%emt 0:00:17]} 14. Bxf6 {[%emt 0:00:10]} Qd5 {[%emt 0:
07:20]} 15. Bxg7 {[%emt 0:00:42]} Kxg7 {[%emt 0:00:21]} 16. Nb6 {[%emt 0:00:09]
} Qc6 {[%emt 0:02:49]} 17. Nxa8 {[%emt 0:00:11]} b6 {[%emt 0:01:05]} 18. Nxb6 {
[%emt 0:00:17]} Qxb6 {[%emt 0:00:17]} 19. Ng5 {[%emt 0:06:00]} h6 {[%emt 0:01:
17]} 20. Ne4 {[%emt 0:00:11]} Rc8 {[%emt 0:02:58]} 21. Qf6+ {[%emt 0:00:09]}
Kg8 {[%emt 0:02:30]} 22. Qe5 {[%emt 0:01:51]} Kf8 {[%emt 0:01:34]} 23. Nxc5 {
[%emt 0:00:54]} Ke7 {[%emt 0:02:08]} 24. Ne4 {[%emt 0:04:03]} Nc6 {[%emt 0:04:
06]} 25. Qf6+ {[%emt 0:01:14]} Kf8 {[%emt 0:00:53]} 26. Nd6 {[%emt 0:00:11]}
Rb8 {[%emt 0:01:29]} 27. Qxf7# {[%emt 0:00:12]} 1-0

[Event "European School Championships"]
[Site "Rhodes, Greece"]
[Date "2022.04.24"]
[Round "4.5"]
[White "Mihaylov, Bozhidar"]
[Black "Tsulaia, Nika"]
[Result "1-0"]
[WhiteElo "1257"]
[BlackElo "1084"]
[PlyCount "95"]
[EventDate "2022.04.21"]
[EventRounds "9"]

1. e4 {[%emt 0:00:03]} e5 {[%emt 0:00:06]} 2. Bc4 {[%emt 0:00:11]} Nf6 {
[%emt 0:00:26]} 3. d3 {[%emt 0:00:05]} Bc5 {[%emt 0:00:37]} 4. Nf3 {[%emt 0:00:
06]} Nc6 {[%emt 0:00:10]} 5. O-O {[%emt 0:00:07]} d6 {[%emt 0:00:07]} 6. c3 {
[%emt 0:00:14]} Bg4 {[%emt 0:00:14]} 7. Nbd2 {[%emt 0:00:39]} Qd7 {[%emt 0:00:
29]} 8. Bb3 {[%emt 0:00:43]} O-O {[%emt 0:00:15]} 9. Re1 {[%emt 0:00:08]} Rad8
{[%emt 0:01:06]} 10. Nf1 {[%emt 0:00:36]} Rfe8 {[%emt 0:01:19]} 11. Bg5 {
[%emt 0:00:24]} Qe7 {[%emt 0:07:11]} 12. h3 {[%emt 0:03:13]} Be6 {[%emt 0:00:
29]} 13. a3 {[%emt 0:14:23]} Bxb3 {[%emt 0:01:39]} 14. Qxb3 {[%emt 0:00:07]}
Rf8 {[%emt 0:02:51]} 15. Bxf6 {[%emt 0:03:47]} Qxf6 {[%emt 0:00:13]} 16. Qxb7 {
[%emt 0:00:35]} Ne7 {[%emt 0:06:16]} 17. Qb3 {[%emt 0:01:11]} Rb8 {[%emt 0:00:
39]} 18. Qc2 {[%emt 0:00:05]} Rfe8 {[%emt 0:00:26]} 19. b4 {[%emt 0:00:51]} Bb6
{[%emt 0:00:35]} 20. Rad1 {[%emt 0:02:36]} Ng6 {[%emt 0:01:09]} 21. Ng3 {
[%emt 0:01:31]} Nh4 {[%emt 0:01:07]} 22. Nxh4 {[%emt 0:01:50]} Bxf2+ {[%emt 0:
00:23]} 23. Qxf2 {[%emt 0:00:07]} Qxh4 {[%emt 0:00:26]} 24. Rf1 {[%emt 0:00:27]
} Kh8 {[%emt 0:01:13]} 25. Nf5 {[%emt 0:00:25]} Qg5 {[%emt 0:00:25]} 26. Qg3 {
[%emt 0:00:33]} Qf6 {[%emt 0:00:37]} 27. Ne3 {[%emt 0:00:24]} Qh6 {[%emt 0:00:
34]} 28. Rxf7 {[%emt 0:03:51]} Re6 {[%emt 0:00:16]} 29. Nf5 {[%emt 0:02:03]}
Rg6 {[%emt 0:04:19]} 30. Nxh6 {[%emt 0:00:30]} Rxg3 {[%emt 0:00:08]} 31. Nf5 {
[%emt 0:00:29]} Rg5 {[%emt 0:00:27]} 32. Rf1 {[%emt 0:00:38]} h6 {[%emt 0:01:
50]} 33. Rxc7 {[%emt 0:01:25]} a5 {[%emt 0:00:09]} 34. Nxd6 {[%emt 0:00:11]}
axb4 {[%emt 0:00:15]} 35. Nf7+ {[%emt 0:00:12]} Kh7 {[%emt 0:00:13]} 36. Nxg5+
{[%emt 0:00:08]} hxg5 {[%emt 0:00:07]} 37. axb4 {[%emt 0:00:09]} Rd8 {[%emt 0:
00:19]} 38. Rd1 {[%emt 0:00:18]} Rb8 {[%emt 0:00:20]} 39. Re7 {[%emt 0:00:07]}
Rb5 {[%emt 0:00:08]} 40. Ra1 {[%emt 0:00:08]} g4 {[%emt 0:00:30]} 41. hxg4 {
[%emt 0:00:16]} Kh6 {[%emt 0:01:10]} 42. Ra5 {[%emt 0:00:08]} Rb6 {[%emt 0:00:
57]} 43. Raxe5 {[%emt 0:00:13]} Rb8 {[%emt 0:01:42]} 44. b5 {[%emt 0:00:27]} g6
{[%emt 0:00:19]} 45. Kh2 {[%emt 0:00:39]} Rb6 {[%emt 0:02:08]} 46. g5+ {
[%emt 0:00:15]} Kh5 {[%emt 0:00:50]} 47. Kh3 {[%emt 0:00:07]} Rb7 {[%emt 0:00:
17]} 48. g4# {[%emt 0:00:07]} 1-0

[Event "European School Championships"]
[Site "Rhodes, Greece"]
[Date "2022.04.25"]
[Round "5.1"]
[White "Anakok, Deniz"]
[Black "Sason, Noam"]
[Result "1/2-1/2"]
[WhiteElo "1396"]
[BlackElo "1503"]
[PlyCount "63"]
[EventDate "2022.04.21"]
[EventRounds "9"]

1. e4 {[%emt 0:00:02]} c5 {[%emt 0:00:47]} 2. Nf3 {[%emt 0:00:11]} d6 {[%emt 0:
00:46]} 3. Bb5+ {[%emt 0:00:18]} Bd7 {[%emt 0:00:50]} 4. Bxd7+ {[%emt 0:00:17]}
Qxd7 {[%emt 0:01:21]} 5. O-O {[%emt 0:00:25]} Nf6 {[%emt 0:00:56]} 6. Re1 {
[%emt 0:00:20]} Nc6 {[%emt 0:00:57]} 7. c3 {[%emt 0:00:42]} e6 {[%emt 0:00:29]}
8. d4 {[%emt 0:00:16]} cxd4 {[%emt 0:00:23]} 9. cxd4 {[%emt 0:00:09]} d5 {
[%emt 0:00:40]} 10. e5 {[%emt 0:00:17]} Ne4 {[%emt 0:00:25]} 11. a3 {[%emt 0:
00:41]} Be7 {[%emt 0:02:25]} 12. Qd3 {[%emt 0:00:46]} Rc8 {[%emt 0:01:58]} 13.
Nbd2 {[%emt 0:00:43]} Nxd2 {[%emt 0:01:10]} 14. Bxd2 {[%emt 0:00:19]} h6 {
[%emt 0:01:51]} 15. h4 {[%emt 0:05:41]} O-O {[%emt 0:06:49]} 16. g4 {[%emt 0:
01:13]} f5 {[%emt 0:02:01]} 17. exf6 {[%emt 0:02:39]} Bxf6 {[%emt 0:01:25]} 18.
g5 {[%emt 0:02:02]} hxg5 {[%emt 0:02:10]} 19. hxg5 {[%emt 0:00:57]} Bd8 {
[%emt 0:03:23]} 20. Ne5 {[%emt 0:10:11]} Nxe5 {[%emt 0:01:13]} 21. Rxe5 {
[%emt 0:00:41]} Qf7 {[%emt 0:00:46]} 22. Qg3 {[%emt 0:14:43]} Bc7 {[%emt 0:02:
06]} 23. g6 {[%emt 0:00:27]} Qf6 {[%emt 0:00:52]} 24. Kg2 {[%emt 0:01:36]} Bxe5
{[%emt 0:01:15]} 25. dxe5 {[%emt 0:00:09]} Qf5 {[%emt 0:01:13]} 26. Rh1 {
[%emt 0:16:19]} Rfd8 {[%emt 0:10:25]} 27. Rh8+ {[%emt 0:08:21]} Kxh8 {[%emt 0:
00:11]} 28. Qh4+ {[%emt 0:00:08]} Kg8 {[%emt 0:00:17]} 29. Qh7+ {[%emt 0:00:08]
} Kf8 {[%emt 0:00:10]} 30. Bb4+ {[%emt 0:00:31]} Ke8 {[%emt 0:00:29]} 31. Qxg7
{[%emt 0:00:53]} Qg4+ {[%emt 0:01:37]} 32. Kh2 {[%emt 0:00:18]} 1/2-1/2

[Event "European School Championships"]
[Site "Rhodes, Greece"]
[Date "2022.04.25"]
[Round "5.4"]
[White "Skytte, Robert"]
[Black "Filindash, Nikita"]
[Result "0-1"]
[WhiteElo "1437"]
[BlackElo "1404"]
[PlyCount "46"]
[EventDate "2022.04.21"]
[EventRounds "9"]

1. e4 {[%emt 0:00:01]} e6 {[%emt 0:00:05]} 2. d4 {[%emt 0:00:08]} d5 {[%emt 0:
00:03]} 3. Nc3 {[%emt 0:00:06]} Nf6 {[%emt 0:00:07]} 4. e5 {[%emt 0:00:05]}
Nfd7 {[%emt 0:00:04]} 5. f4 {[%emt 0:00:06]} c5 {[%emt 0:00:07]} 6. Nf3 {
[%emt 0:00:06]} Be7 {[%emt 0:00:40]} 7. Be3 {[%emt 0:00:14]} b6 {[%emt 0:00:11]
} 8. Qd2 {[%emt 0:00:11]} O-O {[%emt 0:01:00]} 9. O-O-O {[%emt 0:00:11]} c4 {
[%emt 0:00:20]} 10. Be2 {[%emt 0:00:16]} b5 {[%emt 0:00:31]} 11. Nxb5 {[%emt 0:
00:52]} Qb6 {[%emt 0:00:16]} 12. Nc3 {[%emt 0:01:28]} Nc6 {[%emt 0:03:37]} 13.
h4 {[%emt 0:03:00]} Rb8 {[%emt 0:00:31]} 14. b3 {[%emt 0:02:28]} Qa5 {[%emt 0:
01:58]} 15. Bf2 {[%emt 0:06:43]} Bb4 {[%emt 0:00:58]} 16. Kb2 {[%emt 0:01:42]}
Qa3+ {[%emt 0:00:59]} 17. Ka1 {[%emt 0:02:18]} cxb3 {[%emt 0:04:01]} 18. cxb3 {
[%emt 0:00:27]} Ba6 {[%emt 0:08:00]} 19. Bxa6 {[%emt 0:00:58]} Qxa6 {[%emt 0:
00:16]} 20. g4 {[%emt 0:11:24]} Rfc8 {[%emt 0:00:18]} 21. Rc1 {[%emt 0:03:35]}
Na5 {[%emt 0:00:42]} 22. Kb1 {[%emt 0:02:31]} Ba3 {[%emt 0:03:33]} 23. Rcd1 {
[%emt 0:02:47]} Nxb3 {[%emt 0:02:56]} 0-1